[Event "Magnus Carlsen Invitational | Knockout"]
[Site "Online"]
[Date "2021.03.20"]
[Round "1.1"]
[White "Carlsen, Magnus"]
[Black "So, Wesley"]
[Result "1-0"]
[WhiteElo "2881"]
[BlackElo "2741"]
[EventDate "2021.??.??"]
[Annotator "Bojkov,Dejan"]
[PlyCount "45"]
[Beauty "8247012272168"]
[EventType "team-tourn"]
[WhiteTeam "Norway"]
[BlackTeam "United States"]
[WhiteTeamCountry "NOR"]
[BlackTeamCountry "USA"]

1.e4 e5 2.Nf3 Nf6 3.Nc3 Nc6 4.a4 {After the popularity of a2-a3, it is now time for the more determined a2-a4 advance $1 Lucas Van Foreest plays this quite regularly, although his results are not spectacular so far.} ( {Last year, Carlsen also gave a try to the "Classical" Four Knights with} 4.Bb5 Nd4 5.O-O Nxb5 6.Nxb5 c6 7.Nc3 d6 8.d4 Qc7 9.Bg5 Be7 10.a4 h6 11.Bh4 Nh5 12.Bxe7 Qxe7 13.a5 Nf4 {Carlsen,M (2862)-Dubov,D (2702) Online 2020} ) 4...Bb4 5.Bd3 ( {It is curious that the world champion actually does have a blitz game with this line, albeit from the 1.a4 move order $1 Nine years ago he defeated Radjabov with} 5.Bb5 O-O 6.O-O d6 7.d3 Bg4 8.Ne2 a6 9.Bxc6 bxc6 10.Ng3 Nh5 11.h3 Nxg3 12.fxg3 Bd7 13.g4 {Carlsen,M (2837) -Radjabov,T (2788) Astana 2012} ) 5...d6 6.O-O O-O 7.Nd5 Bc5 ( {The venom of the move a2-a4 poisons Black's position in the line} 7...Nxd5 8.exd5 Ne7 9.c3 Bc5 10.b4 Bb6 11.a5 {and the bishop is trapped.} ) 8.c3 a5 9.Bc2 Nxd5 $146 {Only this is a novelty.} ( {Black defended well after} 9...Ba7 10.d4 h6 11.Qd3 Re8 12.Nxf6+ Qxf6 13.Be3 exd4 14.Bxd4 Ne5 15.Nxe5 dxe5 16.Bxa7 Rxa7 17.Rfd1 Ra6 $1 {and the rook entered the battle in Van Foreest,L (2531)-Naiditsch,A (2630) Germany 2020} ) 10.exd5 Ne7 11.Ng5 {The beginning of a blitzkrieg.} 11...h6 {So does not feel the danger yet, or maybe just does not believe it is dangerous enough.} ( {In hindsight} 11...Bf5 {looks definitely more solid, when play may continue} 12.Bxf5 ( {Or} 12.d4 exd4 13.Bxf5 Nxf5 14.Qh5 ( {Weaker is} 14.Qd3 Qf6 ) 14...h6 15.Ne4 Qd7 16.Qg4 Qc8 17.Re1 {transposing to the line below.} ) 12...Nxf5 13.Qh5 ( 13.Nxh7 $2 {does not work on the account of} 13...Kxh7 14.Qh5+ Nh6 ) 13...h6 14.Ne4 Qd7 ( {Or even} 14...Qc8 $5 ) 15.Qg4 Qc8 16.d4 exd4 17.Re1 {White has compensation for the pawn as the opponent's pieces are somewhat stuck, but whether he really has an advantage is another question.} ) 12.d4 Bb6 ( {Black is correctly avoiding} 12...hxg5 13.dxc5 f6 14.h4 $1 {with a strong initiative.} ) 13.Nh7 $3 {Two exclaims for the concept. Even if Black is saving himself, he has to solve an enormous number of practical problems with very limited time on the clock. And to multiply the effect of his play, Carlsen blitzed out his moves, a la Kasparov.} 13...Re8 14.Nf6+ $1 {The point. The black king is exposed.} 14...gxf6 15.Qh5 e4 $1 {So finds the best move.} ( {After} 15...f5 16.Bxh6 Nxd5 ( {Not} 16...Ng6 $2 17.Bg5 {followed by Bg5-f6.} ) 17.Bg5 Qd7 $1 {is the only move to keep Black in play, but here too, White is better after} ( {Instead:} 17...f6 {loses instantly after} 18.Qg6+ Kh8 ( {Please note that the king can never escape towards the center} 18...Kf8 19.Bh6+ Ke7 20.Qh7+ Ke6 21.Bxf5# ) 19.Qh6+ Kg8 20.Bb3 $1 c6 21.Bxf6 {with a crushing attack.} ) 18.Bb3 Nf4 {Again, an only move.} ( {Or unstoppable mate after} 18...c6 19.Bxd5 cxd5 20.Bf6 ) 19.Qh6 Re6 20.Bxe6 fxe6 21.dxe5 $16 {with a continuing attack with approximate material equality.} ) ( {Also a move like} 15...Ng6 $2 {only facilitates White's attack:} 16.Bxg6 fxg6 17.Qxg6+ Kh8 18.Qxh6+ Kg8 19.Qg6+ Kh8 20.Re1 $1 {and mate is about to happen.} ) 16.Re1 {The rook is ready to be lifted.} 16...f5 {One mistake is all White needs.} ( {Two other ideas could keep Black in the game. One is} 16...Bf5 {Then} 17.Re3 {is obvious when Black has two ways to defend:} 17...Qd7 {might lead to an approximately equal endgame in the line} ( {Or} 17...Bg6 18.Rg3 Qd7 19.Bxe4 Nf5 20.Rxg6+ fxg6 21.Qxg6+ Ng7 22.Qh7+ Kf8 23.Bxh6 Rxe4 24.Qxe4 f5 {when anything is possible.} ) 18.g4 ( {But White may also try to attack with} 18.Rg3+ Ng6 19.Be3 ( {or} 19.Bxh6 {with a hugely complicated game in both cases.} ) ) 18...Bg6 19.Qxh6 Qxg4+ 20.Rg3 Nf5 21.Rxg4 Nxh6 22.Bxh6 {and it is unclear.} ) ( {The other idea is} 16...c5 {which keeps the f5-square available for the black pieces as well as the c8-h3 diagonal. Then} 17.Rxe4 ( {The importance of the f5-square is revealed in the line} 17.Re3 Nf5 18.Rh3 Kf8 {when the king escapes towards the center.} ) 17...Bf5 18.Bxh6 Bxe4 19.Bxe4 f5 20.Bg5 {wins the black queen after} 20...fxe4 21.Bf6 Ng6 22.Bxd8 Raxd8 {Black has enough material for the queen, but his position remains difficult to play, especially in the rapid time control. White will keep harassing the enemy king, with his h-pawn about to bring additional concerns.} ) 17.Bxh6 $1 {After this the attack is irresistible.} 17...Nxd5 ( {Since now} 17...c5 {loses to} 18.Bg5 $1 ( 18.Re3 $1 {should also do.} ) 18...f6 19.Bxf6 Rf8 20.Qg5+ Kf7 21.Qg7+ Ke8 22.Bxe4 $1 {and the e-file explodes.} ) 18.Bg5 f6 ( {Or} 18...Nf6 19.Qh4 Kg7 20.Qh6+ ) 19.Bb3 c6 ( {After} 19...Be6 20.Qg6+ Kh8 {the most convincing win is} 21.Bxd5 fxg5 22.Qh6+ Kg8 23.Bxe6+ ) 20.Re3 $3 {So might have missed this. The rook joins forces with the queen, and that is the end for Black.} 20...Kf8 {This leads to mate, but there was no defense anyway.} ( {Since} 20...fxg5 21.Bxd5+ cxd5 22.Qg6+ Kf8 23.Rh3 $1 {also does not save Black.} ) 21.Qg6 f4 22.Bh6+ Ke7 23.Qh7+ 1-0

[Event "Magnus Carlsen Invitational | Knockout"]
[Site "Online"]
[Date "2021.03.21"]
[Round "3.1"]
[White "Giri, Anish"]
[Black "Nepomniachtchi, Ian"]
[Result "1-0"]
[WhiteElo "2731"]
[BlackElo "2778"]
[EventDate "2021.??.??"]
[Annotator "Bojkov,Dejan"]
[PlyCount "63"]
[Beauty "8248887359573"]
[EventType "team-tourn"]

1.e4 c5 2.Nf3 e6 3.c3 {Giri opts for the Alapin, but Nepomniachtchi chooses a different path.} 3...d5 4.e5 Nc6 5.d4 {And they end up in the French Advance. Last year the Russian GM used the French defense as part of his black repertoire at the Candidates and he keeps playing it regularly.} 5...Bd7 6.Be2 Nge7 7.Na3 {The knight is optimal on the c2 square.} 7...cxd4 8.cxd4 Ng6 ( {Deviating from the main line which is connected with the move} 8...Nf5 9.Nc2 Qb6 10.g4 Nfe7 11.O-O h5 12.g5 Nf5 13.a3 Be7 14.b4 f6 {and which may lead to extremely tense situations as in Vachier Lagrave,M (2789)-Sebenik,M (2562) Chess.com 2018} ) 9.Nc2 f6 {The logical follow up of the Ne7-g6 maneuver.} ( {Slow development is not to Nepomniachtchi's taste:} 9...Be7 10.g3 O-O 11.h4 f6 12.h5 Nh8 13.Bf4 Nf7 14.Bd3 Qb6 15.O-O Rac8 {Akhmetov,A (2438) -Agmanov,Z (2407) Almaty 2020} ) 10.exf6 gxf6 11.O-O Bd6 12.g3 $146 {A logical novelty which aims to restrict the black pieces. The outcome of the opening is an unbalanced situation both in the center and the kingside. Black's next move is obvious.} ( {An earlier game involved one of Carlsen's former coaches:} 12.b4 Qe7 13.Rb1 Qg7 14.Re1 Nce7 15.b5 h5 16.Nb4 Kf7 17.Bf1 Rag8 {where Black did well, Blomstrom,L (2167)-Agdestein, S (2576) Drammen 2018. Nepomniachtchi is following a similar kingside attacking plan.} ) 12...h5 {He aims to open the h-file as soon as possible.} 13.Bd3 Nce7 14.Ne3 h4 15.Ng4 {Giri, on his turn, forces the black king to stay in the center.} ( {He could have also tried to force the swap of the h-pawn with} 15.Ng2 {but then besides the obvious capture:} 15...hxg3 ( {He also had to reckon with the long castling plan:} 15...Qc7 16.Nfxh4 Nxh4 17.Nxh4 O-O-O {with a nice kingside initiative for Black.} ) ) 15...Kf7 16.Re1 ( {Or} 16.Bd2 Qf8 ) 16...Qf8 17.Nfe5+ $6 {This, or a similar sacrifice on the g5/e5 square, is the right thing to do, but the moment is not chosen accurately.} ( {The accurate way to implement it would have been} 17.Qb3 $1 Rb8 18.Bd2 {And only in case of the obvious} 18...Qg7 ( {After} 18...Rh5 {White can trade the excellent black bishop:} 19.Bb4 Bxb4 20.Qxb4 {and later use the dark squares for the attack.} ) ( {Whereas the preliminary trade} 18...hxg3 19.fxg3 Qg7 {allows White a chance to attack on the freshly open file with:} 20.Rf1 ) 19.Bg5 $3 fxg5 20.Nxg5+ Kg8 21.Rxe6 $3 Bxe6 22.Nxe6 Qf7 23.Ng5 Qg7 24.Be4 $1 {and despite the extra rook, Black is in trouble. Perhaps the Dutch player studied similar sacrifices in the past, knew that they are the way, but did not have the time to figure out when the good moment is.} ) 17...fxe5 18.dxe5 Bc5 19.Bg5 ( {Black is defending well after} 19.Qf3+ Nf5 20.Bxf5 exf5 21.Qxd5+ Be6 ) 19...hxg3 {Nepomniachtchi does want to defend passively and looks to mate the opponent first.} ( {There was nothing wrong with} 19...Nf5 $1 20.Rc1 Rc8 21.Bxf5 exf5 22.Qxd5+ Be6 23.Qxb7+ Be7 {repelling the attack, with a large advantage for Black.} ) 20.hxg3 Bc6 {Eyeballing the h1 square.} 21.Rc1 ( {The other way to attack is connected with} 21.Qf3+ {when Black has to be careful:} 21...Kg8 $1 {is the only move. Only, but sufficient as after} ( {Both} 21...Ke8 $2 22.Nf6+ Kd8 23.Rac1 $1 ( {But not the immediate} 23.Bxg6 Qg7 $1 ) 23...Bb6 24.Bxg6 Nxg6 ( {Here} 24...Qg7 25.Qa3 Qxg6 26.Qd6+ $18 {leads to mate.} ) 25.Nh7+ {wins for White.} ) ( {Also bad is} 21...Nf5 $2 22.Bxf5 exf5 23.Qxf5+ Kg7 24.Bf6+ {when once more Black is losing.} ) 22.Nf6+ Kg7 23.Qg4 Qf7 {Black once again repels the attack.} ) 21...d4 22.Be4 Bxe4 23.Rxe4 {The trade of the bishops stabilizes the light squares. Hence, Black's next move.} 23...Nf5 24.Qa4 {This aggressive move will eventually lead White to the win.} ( {Objectively} 24.Nf6 $1 {would have been more resilient. True, Black is clearly better here after} 24...Be7 25.g4 Nfh4 26.Rc7 Qd8 27.Rxb7 Rc8 ) 24...Rc8 ( {Safer was} 24...Be7 $1 25.Rc7 Qd8 26.Rd7 Qb6 {and Black is winning.} ) 25.Bf6 Rh7 $4 {A blunder, which loses on the spot.} ( {At least two other moves would have kept Black winning, either} 25...Rg8 $1 26.Qd7+ Be7 ) ( {Or even easier} 25...Qe8 $1 {controlling White's most important attacker.} ) 26.Qd7+ {As easy as that. Black's position collapses.} 26...Nge7 ( {Since} 26...Be7 27.Rxc8 ) 27.Bxe7 Qxe7 ( {Or} 27...Nxe7 28.Rf4+ ) 28.Qxc8 {White has now the extra material and the attack.} 28...Bb6 29.Nf6 Rg7 30.Qh8 d3 31.Qh5+ Rg6 32.Rg4 1-0

[Event "New In Chess Classic | Knockout"]
[Site "Online"]
[Date "2021.04.28"]
[Round "5.4"]
[White "Le, Quang Liem"]
[Black "Nakamura, Hikaru"]
[Result "0-1"]
[WhiteElo "2744"]
[BlackElo "2829"]
[EventDate "2021.??.??"]
[Annotator "Bojkov,Dejan"]
[PlyCount "102"]
[Beauty "6946056864346"]
[EventType "schev"]
[EventRounds "2"]

1.d4 Nf6 2.Nf3 d5 3.c4 e6 {Nakamura's super-solid symmetrical strategy as Black is no surprise for anyone.} 4.Nc3 Be7 5.Bg5 h6 6.Bxf6 Bxf6 7.e3 O-O 8.Rc1 c6 9.h4 {A move once tried by Aronian against Carlsen.} ( {The main line remains} 9.Bd3 Nd7 10.O-O dxc4 11.Bxc4 c5 12.Qe2 cxd4 13.exd4 Nb6 14.Bd3 g6 15.Be4 {with a typical isolated queen's pawn position in Radjabov,T (2765)-So,W (2770) Online 2021} ) 9...g6 10.h5 {Le needs to win the second mini-match to make it to the blitz games and apparently spent a good amount of time preparing this super-sharp line. With his last move he opens up the b1-h7 diagonal.} 10...g5 11.Bd3 Nd7 12.Bb1 {and quickly builds an attacking battery.} 12...Bg7 13.cxd5 $146 {And that is a novelty.} ( {The predecessor was the following spectacular game by two top female players:} 13.Qc2 Re8 14.Ne5 Qf6 15.Qh7+ Kf8 16.f4 gxf4 17.exf4 Nxe5 18.fxe5 Qf4 19.Ne2 Qg5 20.Rc3 {Cmilyte,V (2503)-Zatonskih,A (2506) Tbilisi 2012} ) 13...cxd5 ( {Safer seems} 13...exd5 $1 {when Nakamura probably feared the hole on f5 after} 14.Ne2 {followed by Ne2-g3-f5.} ) 14.Qd3 Re8 15.Nb5 $1 {An important move in Le's strategy. The inclusion of this knight helps the kingside attack because the knight moves rapidly, thanks to the fork threats.} 15...Re7 ( {Initially, the computer suggests the preliminary check as a better defense, so} 15...Qa5+ 16.Ke2 {because the rook looks better on the d8-square. It does not obstruct the black king. However, if we prolong the line with} 16...Rd8 17.Nc7 Rb8 18.Nxg5 hxg5 19.Qh7+ Kf8 20.h6 Bf6 {we see that White keeps a huge attack with} 21.Bg6 $1 fxg6 22.Nxe6+ Ke8 23.Nc7+ Kf8 24.Qxg6 {and White seems winning.} ) 16.Nxg5 $1 {The point behind White's attack. The modest h-pawn joins the battle, and the rook behind it is peeking at the black king.} 16...hxg5 ( {This time} 16...Qa5+ {does not slow White down at all, and he is going to execute the same idea as in the game:} 17.Ke2 hxg5 18.h6 Bf6 19.Qh7+ Kf8 20.Nc7 Rb8 21.Rh5 $1 {That's the point. Rh5xg5 is unstoppable threat, e.g.} 21...Nb6 22.Rxg5 Bxg5 23.Qh8# ) 17.h6 {This pawn causes havoc in Black's camp.} 17...Bf6 18.Qh7+ Kf8 19.Rh5 {There comes the rook too. The pawn had opened its road towards the king's residency.} ( {However, the preliminary} 19.Nc7 $1 {might have been even better, keeping the black queen passive. Then} 19...Rb8 ( {Perhaps} 19...Nb6 {is more resilient, although here too White has a huge attack with} 20.Nxa8 Nxa8 21.Rh5 Re8 22.Rxg5 $1 {Then} 22...Bxg5 23.Qg7+ Ke7 24.Qxg5+ f6 25.Qg7+ Kd6 26.Ke2 $1 {leads to a position with a large edge for White.} ) 20.Rh5 Nb6 21.Rxg5 Rxc7 22.Rxc7 Qxc7 {White now has the stunning reinforcement} 23.Rg7 $3 Qc1+ 24.Ke2 {Checks are over and after} 24...Ke7 25.Rxf7+ Kd6 26.Rxf6 {White is winning.} ) 19...Qa5+ $1 {Nakamura does not miss his chance.} 20.Rc3 $3 {But Le is as cold as ice! A knight is not as important as a tempo!} ( {Retreat was never part of his mindset:} 20.Nc3 Re8 21.Rxg5 {allows Black the time to take a breath and consolidate with} 21...Ke7 22.Rg8 Rxg8 23.Qxg8 {Now} 23...Nb6 $1 {quickly brings in the black rook, and he is doing fine.} ( {But not} 23...Nf8 24.g4 $1 ) 24.g4 Bd7 ) 20...Qxb5 21.Rxg5 $1 Re8 $1 {The only defense.} ( {Everything else is mate} 21...Bxg5 22.Qh8# ) ( 21...Ke8 22.Rg8+ Nf8 23.Qg7 $3 ) 22.Bg6 $1 {Mate seems inevitable.} ( {Here} 22.Rg7 {does not work due to} 22...Bxg7 23.hxg7+ Ke7 24.g8=Q Rxg8 25.Qxg8 Qxb2 ) 22...Ke7 {But Nakamura's king is too slippery and escapes toward the center.} ( {Or mate after} 22...fxg6 23.Rxg6 ) 23.Qxf7+ Kd6 24.e4 {Very obvious, very dangerous.} ( {However,} 24.Qxe8 $1 {would have won instead. Perhaps Le only saw} 24...Bxg5 25.h7 Qxb2 26.h8=Q {which leads to a very complex position which the computer labels as approximate equality after} ( {However, the super-cool} 26.Rc2 $3 {would have won in study-like fashion:} 26...Qa1+ 27.Ke2 Bf6 {And now} ( {Here} 27...b6 {is not enough after} 28.Rxc8 Rxc8 29.Qxc8 Qxa2+ 30.Kf3 Bh4 31.g3 ) 28.h8=N $3 {Another super-underpromotion after Aronian's effort yesterday.} 28...Bxh8 29.Bf7 {and mate is inevitable.} ) 26...Qxc3+ 27.Ke2 b6 $1 28.Bd3 Bh4 {although one needs to spend some time digesting this position and figuring out why it should be equal.} ) 24...Bxd4 $1 {The only move. A super-defender like Nakamura finds the only moves with remarkable ease.} ( {Greed is punished:} 24...Bxg5 25.e5+ Nxe5 26.Qc7# ) 25.e5+ Bxe5 26.Rxe5 $1 {That was White's point.} 26...Qxb2 {It is time for Black to demonstrate that he can create threats too.} ( {With mate after} 26...Nxe5 27.Qc7# ) ( {Whereas the obvious capture loses to} 26...Kxe5 27.Qxe8 Qxb2 28.Qh8+ Kd6 29.Rc6+ $1 ) ( {However,} 26...Re7 $1 {might have repelled the attack in a good way} 27.Qxe7+ Kxe7 28.h7 Nxe5 29.h8=Q Nxg6 30.Qg7+ Kd8 31.Qxg6 Qd7 32.Qf6+ Qe7 {and Black keeps the extra piece.} ) 27.Ree3 Re7 28.h7 {Misses a chance to gain the advantage.} ( {With the powerful} 28.Qg8 $1 d4 29.Rcd3 b6 30.h7 Bb7 31.Rxd4+ Qxd4 32.Rd3 Qxd3 33.Bxd3 ) 28...Qa1+ 29.Ke2 Qb2+ 30.Kf1 Qa1+ 31.Re1 {Le rejects the draw, and this is a mistake!} ( {After} 31.Ke2 {Black can keep checking, or he may try first} 31...Rxf7 32.Bxf7 Qb2+ {when White can never escape from the perpetual:} 33.Ke1 ( 33.Kf3 $4 Ne5+ ) 33...Qa1+ ) 31...Qxc3 32.Qf4+ e5 33.Qh6 ( {Maybe here the Vietnamese GM spotted that} 33.h8=Q {loses to} 33...Qxe1+ $1 34.Kxe1 exf4+ ) 33...Rxh7 {The most practical move. The annoying pawn needs to be destroyed at once.} ( {However, the fantastic} 33...Re6 $3 {would have won instead. White would get a second queen, yes} 34.h8=Q b6 35.Q8g7 Ba6+ 36.Kg1 Qxe1+ 37.Kh2 Qxf2 {But does the white queen stand a chance fighting the many black pieces?} ) 34.Bxh7+ Ke7 35.Qg7+ {Now the attack rekindles once more.} 35...Kd8 36.Qg5+ Ke8 ( {Surely not} 36...Kc7 $4 37.Rc1 ) 37.Rc1 Qb4 {As strange as it seems, this loses.} ( {The queen needed to \"stick\" to the white rook with either} 37...Qa3 $1 38.Bg6+ ) ( {Or} 37...Qb2 $1 {when White would not have anything else but to force a perpetual check.} ) 38.Bg6+ Kf8 39.Qd8+ ( {Missing the last chance to finish this fabulous game with a direct attack:} 39.Qf5+ $1 {would have won. Then after} 39...Ke7 ( {Or} 39...Kg7 40.Qf7+ Kh6 41.Bf5 $1 {mating.} ) 40.Qf7+ Kd6 {White has a chance to bring in the bishop} 41.Bf5 $1 {This would not have been possible if the black queen was hitting the enemy rook! Now Black loses:} 41...Nc5 42.Qf8+ Kc6 43.Bxc8 ) 39...Kg7 40.Bf5 Qf8 41.Qg5+ Kf7 42.Rc3 {This seems decisive, but there is again a defense.} 42...e4 $1 43.Qg6+ Ke7 44.Qe6+ Kd8 45.Qxd5 ( {Once more the Vietnamese GM rejects the possible draw after} 45.Rxc8+ Kxc8 46.Qxd7+ Kb8 47.Qxd5 a6 {White has full compensation for the exchange, but it will likely end in perpetual sooner or later.} ) 45...Qg7 46.Qc4 {The decisive blunder!} ( {Le would have had enough compensation for the piece in case of either} 46.Rc1 $1 ) ( {Or} 46.Rc2 $1 {A piece is a piece, but the black king is in constant trouble and that makes White's position easier to play.} ) 46...Nb6 {Oh no, there are no checks available on the d-file!} 47.Qc5 Bxf5 48.Qd6+ Nd7 {Nakamura survived and once again proved that he is one of the best defenders of our time.} 49.Rg3 Qa1+ 50.Ke2 Qxa2+ 51.Ke3 Rc8 {A great game by both players!} 0-1